| 000 | 00428cam a2200169ua 4500 | ||
|---|---|---|---|
| 020 | _c25.60 | ||
| 041 |
_aeng _h |
||
| 082 |
_a621.3 _bJOL/EL |
||
| 100 | _aJolley, L J . | ||
| 245 |
_a0Electrical theory : On the giorgi system / _cL J Jolleey. _hTextual Documents |
||
| 260 |
_aLondon : _bCleaver-Hume press Ltd , _c1961. |
||
| 300 | _a187 ; . | ||
| 365 | _a25.60 | ||
| 504 | _a | ||
| 942 | _cBK | ||
| 999 |
_c9906 _d9906 |
||